000 00476nam a2200181Ia 4500
001 13203
005 20260306163036.0
008 260306t2007||||xx |||||||||||||| ||spa||
041 _aESP
082 _a001.42
_bB76
100 _aBotta, Mirta
_eAUT
245 0 _aTesis, tesinas, monografías e informes:
_bnuevas normas y técnicas de investigación
260 _c2007
300 _a126 páginas :
_c22 cm.
650 _aGEN
654 _aCHU
942 _cLIB
_dJUS
_fJUS
_2ddc
_n
999 _c13203
_d13203